<?xml version="1.0" encoding="UTF-8"?>
<collection xmlns:xsi="http://www.w3.org/2001/XMLSchema-instance" xsi:schemaLocation="http://www.loc.gov/MARC21/slim http://www.loc.gov/standards/marcxml/schema/MARC21slim.xsd" xmlns="http://www.loc.gov/MARC21/slim">
 <record>
  <leader>00000cam a22000004i 4500</leader>
  <controlfield tag="001">UP-99796217611949336</controlfield>
  <controlfield tag="003">Buklod</controlfield>
  <controlfield tag="005">20160222120732.0</controlfield>
  <controlfield tag="006">m    go  j        </controlfield>
  <controlfield tag="007">ta</controlfield>
  <controlfield tag="008">160222s2008    xx     d     r    |||| u|</controlfield>
  <datafield tag="020" ind1=" " ind2=" ">
   <subfield code="a">9789719012047</subfield>
  </datafield>
  <datafield tag="035" ind1=" " ind2=" ">
   <subfield code="a">(iLib)UPD-00254209905</subfield>
  </datafield>
  <datafield tag="040" ind1=" " ind2=" ">
   <subfield code="a">DLC</subfield>
   <subfield code="d">DML</subfield>
   <subfield code="e">rda</subfield>
  </datafield>
  <datafield tag="041" ind1="0" ind2=" ">
   <subfield code="a">eng</subfield>
  </datafield>
  <datafield tag="042" ind1=" " ind2=" ">
   <subfield code="a">DMLUC</subfield>
  </datafield>
  <datafield tag="090" ind1=" " ind2=" ">
   <subfield code="a">HQ 799 P6</subfield>
   <subfield code="b">F55 2008</subfield>
  </datafield>
  <datafield tag="245" ind1="0" ind2="0">
   <subfield code="a">Filipino youth in the regions.</subfield>
  </datafield>
  <datafield tag="264" ind1=" " ind2="1">
   <subfield code="a">Quezon City</subfield>
   <subfield code="b">Demographic Research and Development Foundation, Inc., University of the Philippines Population Institute</subfield>
   <subfield code="c">[2008]</subfield>
  </datafield>
  <datafield tag="300" ind1=" " ind2=" ">
   <subfield code="a">15 volumes</subfield>
   <subfield code="b">illustrations</subfield>
   <subfield code="c">28 cm</subfield>
  </datafield>
  <datafield tag="336" ind1=" " ind2=" ">
   <subfield code="a">text</subfield>
   <subfield code="2">rdacontent</subfield>
  </datafield>
  <datafield tag="337" ind1=" " ind2=" ">
   <subfield code="a">unmediated</subfield>
   <subfield code="2">rdamedia</subfield>
  </datafield>
  <datafield tag="338" ind1=" " ind2=" ">
   <subfield code="a">volume</subfield>
   <subfield code="2">rdacarrier</subfield>
  </datafield>
  <datafield tag="504" ind1=" " ind2=" ">
   <subfield code="a">Includes bibliographical references.</subfield>
  </datafield>
  <datafield tag="505" ind1="0" ind2=" ">
   <subfield code="t">[1] Demographic and social correlates of suicide ideation and attempt among the youth in the Cordillera Administrative Region</subfield>
   <subfield code="r">Maria Ana B. Diaz, Rozel S. Balmores, Mursha D. Gapasin --</subfield>
   <subfield code="t">[2] Determinants of early marriages among the Bangsamoro youth</subfield>
   <subfield code="r">Jurma Aming Tikamasan --</subfield>
   <subfield code="t">[3] Determinants of premarital sex among adolescents in Cagayan Valley</subfield>
   <subfield code="r">Nelia Z. Cauilan, Christian Joy P. Cruz --</subfield>
   <subfield code="t">[4] Determinants of sexual risk behaviors among adolescents in the Davao Region</subfield>
   <subfield code="r">Melba Laguna-Manapol, Rosemarie Matias-Fernandez --</subfield>
   <subfield code="t">[5] Determinants of sexual risk behavior and reproductive health problems among the youth in Central Mindanao</subfield>
   <subfield code="r">Marilou Pacot --</subfield>
   <subfield code="t">[6] Family and peer group antecedents of youth risk behaviors, the case of Central Luzon</subfield>
   <subfield code="r">Nuela O. Frias --</subfield>
   <subfield code="t">[7] Home-leaving and risk-taking behaviors of youth, the case of Zamboanga Peninsula</subfield>
   <subfield code="r">Rosalyn R. Echem, Marie Grace R. Mateo, Jasmin S. Sibal --</subfield>
   <subfield code="t">[8] Is urbanization a reliable antecedent of adolescent sexual and risk behavior?, comparisons in Northern Mindanao</subfield>
   <subfield code="r">Carmeli Mari C. Chaves --</subfield>
   <subfield code="t">[9] Parental and individual influences of cohabitation in Samar-Leyte region</subfield>
   <subfield code="r">Felix R. Deocampo, Jr. --</subfield>
   <subfield code="t">[10] Parental influences on the youth's attitudes on sexual issues and sexual behavior, focus on Western Visayas</subfield>
   <subfield code="r">Jessica D. Bercilla --</subfield>
   <subfield code="t">[11] Predictors of premarital pregnancy among young women in Central Visayas</subfield>
   <subfield code="r">Graeme Ferdinand D. Armecin --</subfield>
   <subfield code="t">[12] Premarital sex and other sexual risk-taking behaviors among the youth in Caraga Region</subfield>
   <subfield code="r">Ramonnetto S. Gervacio --</subfield>
   <subfield code="t">[13] Smoking and alcohol use among adolescents in Metro Manila, the influence of psychosocial factors</subfield>
   <subfield code="r">Eliseo A. De Guzman --</subfield>
   <subfield code="t">[14] Social and economic influences on premarital sex, what works and does not work among Bicol youth</subfield>
   <subfield code="r">Cristina P. Lim [and three others] --</subfield>
   <subfield code="t">[15] Young adults' sexual practices and family arrangements, a look at experiences of young people in the Ilocos Region</subfield>
   <subfield code="r">Alicia T. Pingol, Corazon F. Regacho.</subfield>
  </datafield>
  <datafield tag="650" ind1=" " ind2="0">
   <subfield code="a">Youth</subfield>
   <subfield code="z">Philippines.</subfield>
  </datafield>
  <datafield tag="650" ind1=" " ind2="0">
   <subfield code="a">Youth</subfield>
   <subfield code="x">Research</subfield>
   <subfield code="z">Philippines.</subfield>
  </datafield>
  <datafield tag="650" ind1=" " ind2="0">
   <subfield code="a">Youth</subfield>
   <subfield code="x">Psychology.</subfield>
  </datafield>
  <datafield tag="650" ind1=" " ind2="0">
   <subfield code="a">Youth</subfield>
   <subfield code="x">Sexual behavior</subfield>
   <subfield code="z">Philippines.</subfield>
  </datafield>
  <datafield tag="710" ind1="2" ind2=" ">
   <subfield code="a">University of the Philippines.</subfield>
   <subfield code="b">Population Institute.</subfield>
  </datafield>
  <datafield tag="710" ind1="2" ind2=" ">
   <subfield code="a">University of the Philippines Demographic Research and Development Foundation.</subfield>
  </datafield>
  <datafield tag="905" ind1=" " ind2=" ">
   <subfield code="a">FI</subfield>
  </datafield>
  <datafield tag="852" ind1="0" ind2=" ">
   <subfield code="a">UPD</subfield>
   <subfield code="b">DMLF</subfield>
   <subfield code="h">HQ 799 P6</subfield>
   <subfield code="i">F55 2008</subfield>
  </datafield>
  <datafield tag="942" ind1=" " ind2=" ">
   <subfield code="a">Book</subfield>
  </datafield>
 </record>
</collection>
